| 000 | 00656nam a22001817a 4500 | ||
|---|---|---|---|
| 005 | 20220314165145.0 | ||
| 008 | 220312b ||||| |||| 00| 0 eng d | ||
| 040 | _cCAAAP | ||
| 041 | _aspa | ||
| 050 | 4 |
_aSD383 _bL24 |
|
| 110 | 2 |
_95018 _aProyecto de Capacitación, Extensión y Divulgación Forestal (Pucallpa) |
|
| 245 | 1 | 0 |
_aManual de identificación de especies forestales / _bProyecto de Capacitación Extensión y Divulgación Forestal |
| 260 |
_aPucallpa: _bEl Proyecto, _c[198?] |
||
| 300 |
_a202 p.: _bil.; _c29 cm. |
||
| 650 | 0 |
_91040 _aBosques Tropicales |
|
| 710 | 2 |
_95020 _aCooperación Técnica del Gobierno Suizo |
|
| 942 |
_2lcc _bDD - MM - AA _cBK |
||
| 999 |
_c3546 _d3546 |
||